<?xml version="1.0" encoding="UTF-8"?>
<record
    xmlns:xsi="http://www.w3.org/2001/XMLSchema-instance"
    xsi:schemaLocation="http://www.loc.gov/MARC21/slim http://www.loc.gov/standards/marcxml/schema/MARC21slim.xsd"
    xmlns="http://www.loc.gov/MARC21/slim">

  <leader>00754nam a22002057a 4500</leader>
  <controlfield tag="005">20170525113916.0</controlfield>
  <datafield tag="010" ind1=" " ind2=" ">
    <subfield code="a">ENG-118396</subfield>
  </datafield>
  <datafield tag="020" ind1=" " ind2=" ">
    <subfield code="a">8181770757</subfield>
    <subfield code="c">872.00</subfield>
  </datafield>
  <datafield tag="020" ind1=" " ind2=" ">
    <subfield code="a">9788181770752</subfield>
    <subfield code="c">872.00</subfield>
  </datafield>
  <datafield tag="035" ind1=" " ind2=" ">
    <subfield code="a">EN-101928</subfield>
  </datafield>
  <datafield tag="037" ind1=" " ind2=" ">
    <subfield code="b">DBAD/PUB</subfield>
  </datafield>
  <datafield tag="082" ind1=" " ind2=" ">
    <subfield code="a">581.95452</subfield>
  </datafield>
  <datafield tag="245" ind1=" " ind2=" ">
    <subfield code="a">Flora of west bengal /</subfield>
    <subfield code="c">Edited by Vinay Ranjan, P. Lakshminarasimhan, S.S Dash and H.J.Chowdhery</subfield>
  </datafield>
  <datafield tag="260" ind1=" " ind2=" ">
    <subfield code="a">Kolkata</subfield>
    <subfield code="b">Botanical Survey Of India</subfield>
    <subfield code="c">2016</subfield>
  </datafield>
  <datafield tag="270" ind1=" " ind2=" ">
    <subfield code="a">CGO Complex, 3rd MSO Building Block-F, 5th &amp; 6th Floor, DF Block, Sector-I, sALT lake City Kolkata-700064</subfield>
  </datafield>
  <datafield tag="300" ind1=" " ind2=" ">
    <subfield code="a">58,493p (Coloured Photo)</subfield>
    <subfield code="c">24cm.(Hb)</subfield>
  </datafield>
  <datafield tag="490" ind1=" " ind2=" ">
    <subfield code="a">Flora Of India; Series-2</subfield>
  </datafield>
  <datafield tag="505" ind1=" " ind2=" ">
    <subfield code="a">Apiaceae-Boraginaceae; V-III</subfield>
  </datafield>
  <datafield tag="942" ind1=" " ind2=" ">
    <subfield code="2">ddc</subfield>
    <subfield code="c">EN</subfield>
    <subfield code="h">581.95452</subfield>
    <subfield code="m">FLO</subfield>
  </datafield>
  <datafield tag="999" ind1=" " ind2=" ">
    <subfield code="c">140428</subfield>
    <subfield code="d">140428</subfield>
  </datafield>
  <datafield tag="952" ind1=" " ind2=" ">
    <subfield code="0">0</subfield>
    <subfield code="1">0</subfield>
    <subfield code="4">0</subfield>
    <subfield code="7">1</subfield>
    <subfield code="8">NFIC</subfield>
    <subfield code="a">DBAD</subfield>
    <subfield code="b">BN</subfield>
    <subfield code="d">2017-05-25</subfield>
    <subfield code="e">DBAD/PUB</subfield>
    <subfield code="g">872.00</subfield>
    <subfield code="l">0</subfield>
    <subfield code="o">581.95452 FLO</subfield>
    <subfield code="p">EN-101928</subfield>
    <subfield code="r">2017-05-25 00:00:00</subfield>
    <subfield code="t">1</subfield>
    <subfield code="v">872.00</subfield>
    <subfield code="y">EN</subfield>
  </datafield>
</record>
